|
|
|
|
| LEADER |
01722nam a2200493 i 4500 |
| 001 |
001578680 |
| 003 |
CZ BrMZK |
| 005 |
20170808092451.0 |
| 007 |
ta |
| 008 |
170529s2016 xxk f 001 0 eng |
| 020 |
|
|
|a 978-1-138-01339-1
|q (brožováno)
|
| 040 |
|
|
|a BOA001
|b cze
|e rda
|
| 044 |
|
|
|a xxk
|a xxu
|
| 072 |
|
7 |
|a 338.3/.4
|x Hospodářská a výrobní odvětví
|2 Konspekt
|9 4
|
| 080 |
|
|
|a 338.48
|2 MRF
|
| 080 |
|
|
|a 338.48-4:339.138
|2 MRF
|
| 080 |
|
|
|a 366.1
|2 MRF
|
| 080 |
|
|
|a 338.487:658.8
|2 MRF
|
| 080 |
|
|
|a 338.486
|2 MRF
|
| 080 |
|
|
|a (048.8)
|2 MRF
|
| 080 |
|
|
|a (078.7)
|2 MRF
|
| 100 |
1 |
|
|a Horner, Susan
|7 xx0016862
|4 aut
|
| 245 |
1 |
0 |
|a Consumer behaviour in tourism /
|c Susan Horner and John Swarbrooke
|
| 250 |
|
|
|a Third edition
|
| 264 |
|
1 |
|a London ;
|a New York :
|b Routledge, Taylor & Francis Group,
|c 2016
|
| 300 |
|
|
|a ix, 446 stran ;
|c 25 cm
|
| 336 |
|
|
|a text
|b txt
|2 rdacontent
|
| 337 |
|
|
|a bez média
|b n
|2 rdamedia
|
| 338 |
|
|
|a svazek
|b nc
|2 rdacarrier
|
| 500 |
|
|
|a Chronologický přehled
|
| 500 |
|
|
|a Terminologický slovník
|
| 504 |
|
|
|a Obsahuje bibliografie a rejstřík
|
| 650 |
0 |
7 |
|a cestovní ruch
|7 ph119113
|2 czenas
|
| 650 |
0 |
7 |
|a marketing destinací
|7 ph370265
|2 czenas
|
| 650 |
0 |
7 |
|a spotřebitelské chování
|7 ph125966
|2 czenas
|
| 650 |
0 |
7 |
|a marketing cestovního ruchu
|7 ph572637
|2 czenas
|
| 650 |
0 |
7 |
|a management cestovního ruchu
|7 ph514345
|2 czenas
|
| 655 |
|
7 |
|a monografie
|7 fd132842
|2 czenas
|
| 655 |
|
7 |
|a případové studie
|7 fd133208
|2 czenas
|
| 700 |
1 |
|
|a Swarbrooke, John
|7 xx0016864
|4 aut
|
| 910 |
|
|
|a BOA001
|b 2-1388.758
|
| 990 |
|
|
|a BK
|
| 991 |
|
|
|b 201708
|c NOV
|
| 996 |
6 |
|
|b 2610709271
|c 2-1388.758
|l MZK
|r HSS 4p
|n 0
|p kupz
|h 338.48 HOR
|w 001614221
|u 000010
|a 0
|e BOA001
|j MZK50
|s P
|